000 00480nam a2200181Ia 4500
005 20250326144742.0
008 250326s9999 xx 000 0 und d
020 _a019-567209-7
037 _aTextbook
040 _aFMSL
_beng
_cFMSL
041 _aeng
_2eng
084 _aX:897Br P4
_qFMSL
245 0 _aHuman Development Report
260 _aNew
_bNew, york Oxford University
_c2004
300 _a284p
942 _cTB
_hX:897Br P4
999 _c1304879
_d1304879